000 00629nam a2200229 i 4500
001 bg
100 1 _aSZYMANEK, Bogdan
245 1 0 _aIntroduction to morphological analysis /
_cBogdan Szymanek.
250 _a[Wyd. 3].
260 _aWarszawa :
_bWydaw. Naukowe PWN,
_c1998.
300 _a316 s. ;
_c21 cm.
504 _aBibliogr. s. 305-314. - Indeks.
650 9 _aJęzyk angielski
_xmorfologia
655 _aPodręczniki akademickie
020 _a8301081880
040 _cBPK
041 0 _aen
080 _a811.111'366(075.8)
920 _a83-01-08188-0
942 _cKS
008 s pl f |000 0 pol
999 _c33904
_d33904